Ciencias Sociales en América Latina y el Caribe 2001-2001
Збережено в:
| Співавтор: | |
|---|---|
| Формат: | Текст |
| Опубліковано: |
Buenos Aires:
CENEDIC. CLACSO
|
| Теги: |
Додати тег
Немає тегів, Будьте першим, хто поставить тег для цього запису!
|
MARC
| LEADER | 00000 a a2200000 04500 | ||
|---|---|---|---|
| 001 | 29845 | ||
| 003 | |||
| 040 | |||
| 020 | |a 950-9231-82-7 | ||
| 090 | |a 194109 |b RECURSO ELECTRONICO | ||
| 110 | |a CLACSO | ||
| 245 | |a Ciencias Sociales en América Latina y el Caribe 2001-2001 | ||
| 260 | |a Buenos Aires: |b CENEDIC. CLACSO | ||
| 500 | |a También impreso No. de acceso 18610Debe ser instaladoTambién impreso No. de acceso 18610Debe ser instalado | ||
| 999 | |c 16471 |d 16471 | ||



